World Capitals Ending with E - Statistics

General Stats
  • This quiz has been taken 1,848 times
  • The average score is 17 of 22
Answer Stats
Answer % Correct
Rome
90%
Lomé
89%
Malé
84%
Harare
83%
Belgrade
81%
Skopje
80%
Vientiane
80%
Yaoundé
78%
Prague
77%
Gaborone
76%
Libreville
75%
Brazzaville
74%
Lilongwe
74%
Dushanbe
73%
Singapore
73%
San José
72%
Mbabane
70%
São Tomé
70%
Port-au-Prince
69%
Basseterre
66%
Sucre
66%
Sri Jayawardenepura Kotte
53%
No matching quizzes found
Score Distribution
Percent of People with Each Score
Percentile by Number Answered
Your Score History
You have not taken this quiz